| 000 | 00413nam a22001457a 4500 | ||
|---|---|---|---|
| 005 | 20250429174732.0 | ||
| 008 | 250429b |||||||| |||| 00| 0 eng d | ||
| 020 | _a0674940520 | ||
| 050 |
_aHF5343 _bCHA |
||
| 100 | _aChandler, Alfred D. | ||
| 245 | _aThe visible hand the managerial revolution in American business | ||
| 260 |
_aUSA _bHarvard University Press _cC1997 |
||
| 300 | _axvi, 608p | ||
| 942 |
_2lcc _cBK _n0 |
||
| 999 |
_c5607 _d5607 |
||